000
00217 a2200109 4500
001
50761
040
_c
Anchieta - Pituba
240
1
0
_a
SUBSTITUIR
_l
245
1
0
_a
SUBSTITUIR
650
4
_a
LĂngua Portuguesa
942
_c
MU
999
_c
50761
_d
50761